<?xml version="1.0" encoding="UTF-8"?>
<record
    xmlns:xsi="http://www.w3.org/2001/XMLSchema-instance"
    xsi:schemaLocation="http://www.loc.gov/MARC21/slim http://www.loc.gov/standards/marcxml/schema/MARC21slim.xsd"
    xmlns="http://www.loc.gov/MARC21/slim">

  <leader>00977nam a2200193 i 4500</leader>
  <controlfield tag="001">160908</controlfield>
  <controlfield tag="003">ES-MaACL</controlfield>
  <controlfield tag="005">20230906212144.0</controlfield>
  <controlfield tag="008">961202s1880    sp b         |||| | spa d</controlfield>
  <datafield tag="040" ind1=" " ind2=" ">
    <subfield code="a">EUS </subfield>
    <subfield code="b">spa </subfield>
    <subfield code="c">EUS</subfield>
  </datafield>
  <datafield tag="100" ind1="0" ind2=" ">
    <subfield code="a">Olave y D&#xED;ez, Seraf&#xED;n.</subfield>
    <subfield code="9">86672</subfield>
  </datafield>
  <datafield tag="245" ind1="1" ind2="3">
    <subfield code="a">La verdad acerca del ferro-carril de Alduides prolongado desde Pamplona por Estella, Calahorra y Soria hasta Torralba en la linea de Madrid a Zaragoza &#xF3; sea la gran central directa entre Madrid y Francia / </subfield>
    <subfield code="c">estudio anal&#xED;tico por Don Serafin Olave y Diez.</subfield>
  </datafield>
  <datafield tag="260" ind1=" " ind2=" ">
    <subfield code="a">[S.l.] : </subfield>
    <subfield code="b">[s.n.], </subfield>
    <subfield code="c">1880 (</subfield>
    <subfield code="e">Madrid : </subfield>
    <subfield code="f">Imprenta de Alvarez Hermanos...)</subfield>
  </datafield>
  <datafield tag="300" ind1=" " ind2=" ">
    <subfield code="a">126 p., [1] h. de map. pleg. ; </subfield>
    <subfield code="c">22 cm.</subfield>
  </datafield>
  <datafield tag="597" ind1=" " ind2=" ">
    <subfield code="a">Antep.</subfield>
  </datafield>
  <datafield tag="599" ind1=" " ind2=" ">
    <subfield code="a">La h. de map. pleg. es litogr.</subfield>
  </datafield>
  <datafield tag="650" ind1=" " ind2="4">
    <subfield code="a">Ferrocarriles-</subfield>
    <subfield code="z">Aldudes (Valle)</subfield>
    <subfield code="9">170600</subfield>
  </datafield>
  <datafield tag="852" ind1=" " ind2=" ">
    <subfield code="a">ES-MaACL</subfield>
    <subfield code="j">T-421-F-4 </subfield>
    <subfield code="z">-- Enc. hol. </subfield>
    <subfield code="q">-- S&#xF3;lo hasta la p. 104 </subfield>
    <subfield code="q">-- Falto de la cub. original </subfield>
    <subfield code="z">-- Enc. en un vol. facticio </subfield>
    <subfield code="z">-- Enc. 2 h. de map. pleg. rep.</subfield>
  </datafield>
  <datafield tag="999" ind1=" " ind2=" ">
    <subfield code="c">160908</subfield>
    <subfield code="d">160908</subfield>
  </datafield>
  <datafield tag="952" ind1=" " ind2=" ">
    <subfield code="0">0</subfield>
    <subfield code="1">0</subfield>
    <subfield code="4">0</subfield>
    <subfield code="7">0</subfield>
    <subfield code="8">Colecci&#xF3;n_de_folletos</subfield>
    <subfield code="a">ATENEOM</subfield>
    <subfield code="b">ATENEOM</subfield>
    <subfield code="c">DEPOF</subfield>
    <subfield code="d">2008-01-17</subfield>
    <subfield code="l">0</subfield>
    <subfield code="o">T-421-F-4</subfield>
    <subfield code="p">1168509</subfield>
    <subfield code="r">2023-02-23 00:00:00</subfield>
    <subfield code="w">2023-02-23</subfield>
    <subfield code="y">FOLLETOS</subfield>
  </datafield>
</record>
